Entry Personal Name
Number of records used in: 1
001 - CONTROL NUMBER
003 - CONTROL NUMBER IDENTIFIER
005 - DATE AND TIME OF LATEST TRANSACTION
- control field:
20221114161632.0
008 - FIXED-LENGTH DATA ELEMENTS
- fixed length control field:
821117n| acannaab |a aaa
010 ## - LIBRARY OF CONGRESS CONTROL NUMBER
- LC control number:
n 82153401
040 ## - CATALOGING SOURCE
- Original cataloging agency:
DLC
- Transcribing agency:
DLC
- Modifying agency:
DLC
100 10 - HEADING--PERSONAL NAME
- Personal name:
Hearn, Donald
400 10 - SEE FROM TRACING--PERSONAL NAME
- Personal name:
Hearn, D. D.
- Fuller form of name:
(Donald D.)
670 ## - SOURCE DATA FOUND
- Source citation:
His Microcomputer graphics, c1983:
- Information found:
CIP t.p. (Donald Hearn, Western Ill. Univ.)
670 ## - SOURCE DATA FOUND
- Source citation:
His Computer graphics, 1985, c1986:
- Information found:
CIP t.p. (Donald Hearn, Computer Science Dept., Univ. of Ill.) data sheet (b. 4-30-33)
670 ## - SOURCE DATA FOUND
- Source citation:
Koh, E.-K. Generating and structuring terrain features ... 1988:
- Information found:
t.p. (D.D. Hearn, Dept. of Computer Sci., U. of Ill. at Urbana-Ch.)